|
|
|
|
| LEADER |
01154nam a2200313 4500 |
| 001 |
000025000 |
| 003 |
21491 |
| 005 |
20170418110438.0 |
| 008 |
170412s1976 viesd |
| 041 |
0 |
|
|a vie
|
| 082 |
1 |
4 |
|a 335.41
|b LÊ-V
|
| 100 |
1 |
|
|a Lê-nin, V.I
|
| 245 |
1 |
0 |
|a Sự phát triển của chủ nghĩa tư bản ở Nga
|b Quá trình hình thành thị trường trong nước của công nghiệp lớn.
|c V.I. Lê-nin
|
| 260 |
|
|
|a M.
|b Tiến bộ
|c 1976
|
| 300 |
|
|
|a 741 tr.
|b 1 tờ đính, chân dung
|c 22 cm.
|
| 500 |
|
|
|a Dịch từ nguyên bản tiếng Nga
|
| 600 |
1 |
4 |
|a Lê-nin, V.I.
|d 1870-1924
|
| 650 |
0 |
4 |
|a Chủ nghĩa tư bản
|z Nga
|
| 653 |
|
|
|a Chủ nghĩa tư sản
|
| OWN |
|
|
|a LSP
|
| AVA |
|
|
|a UDN50
|b LSP
|d 335.41 LÊ-V
|e available
|t Error 5001 Not defined in file expand_doc_bib_avail.
|f 2
|g 1
|h N
|i 0
|k 1
|
| 999 |
|
|
|a From the UDN01
|
| AVA |
|
|
|a UDN50
|b LSP
|d 335.41 LÊ-V
|e available
|t Error 5001 Not defined in file expand_doc_bib_avail.
|f 2
|g 1
|h N
|i 0
|k 1
|
| TYP |
|
|
|a Monograph
|
| TYP |
|
|
|a Printed language
|
| 980 |
|
|
|a Mạng thư viện Đại học Đà Nẵng
|